000 00309nam a2200121Ia 4500
005 20251222144854.0
008 251222s9999||||xx |||||||||||||| ||spa||
082 _a370.1/A69
100 _aArévalo Gálvez, Luis
245 0 _aTeoría de la Educación
264 _bUniversidad Nacional de Piura
942 _cLIB
999 _c21727
_d21727